000 00631cam a22002173a 4500
001 39174
003 PGUSA
005 20140828083853.0
008 120317s2012||||xxu|||||s|||||000 | eng d
040 _aPGUSA
_beng
042 _adc
100 1 _aRemizov, Aleksei,
_d1877-1957
245 1 0 _aPrinzessin Mymra :
_bNovellen und Träume
_h[electronic resource] /
_cAleksei Remizov
260 _bProject Gutenberg,
_c2012
506 _aPublic domain in the USA.
516 _aElectronic text
700 1 _aEliasberg, Alexander
830 0 _aProject Gutenberg
_v39174
856 4 0 _uhttp://www.gutenberg.org/ebooks/39174
942 _cEB
999 _c268427
_d268427